<?xml version="1.0" encoding="UTF-8"?><?xml-stylesheet type="text/xsl" href="static/style.xsl"?><OAI-PMH xmlns="http://www.openarchives.org/OAI/2.0/" xmlns:xsi="http://www.w3.org/2001/XMLSchema-instance" xsi:schemaLocation="http://www.openarchives.org/OAI/2.0/ http://www.openarchives.org/OAI/2.0/OAI-PMH.xsd"><responseDate>2026-06-01T08:43:43Z</responseDate><request verb="GetRecord" identifier="oai:riuma.uma.es:10630/36543" metadataPrefix="marc">https://riuma.uma.es/rest/oai/request</request><GetRecord><record><header><identifier>oai:riuma.uma.es:10630/36543</identifier><datestamp>2026-02-03T11:28:33Z</datestamp><setSpec>com_10630_2254</setSpec><setSpec>col_10630_37953</setSpec></header><metadata><record xmlns="http://www.loc.gov/MARC21/slim" xmlns:dcterms="http://purl.org/dc/terms/" xmlns:doc="http://www.lyncode.com/xoai" xmlns:xsi="http://www.w3.org/2001/XMLSchema-instance" xsi:schemaLocation="http://www.loc.gov/MARC21/slim http://www.loc.gov/standards/marcxml/schema/MARC21slim.xsd">
   <leader>00925njm 22002777a 4500</leader>
   <datafield ind2=" " ind1=" " tag="042">
      <subfield code="a">dc</subfield>
   </datafield>
   <datafield ind2=" " ind1=" " tag="720">
      <subfield code="a">Mora Suárez-Varela, Vicente Luis</subfield>
      <subfield code="e">author</subfield>
   </datafield>
   <datafield ind2=" " ind1=" " tag="260">
      <subfield code="c">2011-12</subfield>
   </datafield>
   <datafield ind2=" " ind1=" " tag="520">
      <subfield code="a">En su novela La saga / fuga de J. B., Torrente Ballester propone el conflicto entre un mensaje y sus diversas interpretaciones como eje de la narración. En el caso de los coros congelados en piedra, se impone el deber de descifrar la leyenda oculta en sus “relieves proféticos” (p. 523); en el supuesto de la incomunicable lengua poética de Bastida, queda patente la inclinación de ocultar el mensaje mediante la corrupción de los signos, una especie de hermenéutica inversa en que la dirección interpretativa va desde el sentido al sinsentido. Por último, los loros representan la voz atávica y secular de la historia oral, el mensaje conservado durante siglos, de padres a hijos, tan inherente a la cultura rural gallega, cuyas tradiciones y transmisiones conoce a la perfección el autor. En este texto se demuestra cómo la tensión entre mensaje y silencio, entre modernidad y pasado, entre mito y logos, explica la valiosa y diversa objetividad narrativa de La saga / fuga de J. B.</subfield>
   </datafield>
   <datafield ind1="8" ind2=" " tag="024">
      <subfield code="a">Mora, Vicente Luis (2011). “Loros, logos y coros. Objetividad narrativa en La saga/fuga de J.B.”; Ínsula. Revista de letras y ciencias humanas, n. 780, diciembre 2011, pp. 31-34.</subfield>
   </datafield>
   <datafield ind1="8" ind2=" " tag="024">
      <subfield code="a">https://hdl.handle.net/10630/36543</subfield>
   </datafield>
   <datafield tag="653" ind2=" " ind1=" ">
      <subfield code="a">Torrente Ballester, Gonzalo - Crítica e interpretación</subfield>
   </datafield>
   <datafield tag="653" ind2=" " ind1=" ">
      <subfield code="a">Novela española - S. XX</subfield>
   </datafield>
   <datafield ind2="0" ind1="0" tag="245">
      <subfield code="a">Loros, logos y coros. Objetividad narrativa en La saga/fuga de J.B.</subfield>
   </datafield>
</record>
</metadata></record></GetRecord></OAI-PMH>